[Event "London Classic op 11th"]
[Site "London"]
[Date "2019.12.04"]
[Round "7"]
[White "Wu, Li"]
[Black "Eche, Sylvain"]
[Result "1-0"]
[WhiteElo "2293"]
[BlackElo "2054"]
[PlyCount "47"]
[EventDate "2019.11.29"]
[EventType "swiss"]
[EventRounds "9"]
[EventCountry "ENG"]
[SourceTitle "CBM 193 Extra"]
[Source "ChessBase"]
[SourceDate "2020.01.31"]
[SourceVersion "1"]
[SourceVersionDate "2020.01.31"]
[SourceQuality "1"]

1. Nf3 Nf6 2. c4 g6 3. Nc3 d5 4. cxd5 Nxd5 5. e4 Nxc3 6. dxc3 Qxd1+ 7. Kxd1 Bg7 8. Bf4 c5 9. Kc2 0-0 10. a4 b6 11. a5 Bb7 12. Nd2 Nd7 13. Bb5 Nf6 14. a6 Bxe4+ 15. Nxe4 Nxe4 16. Bc6 Nxf2 17. Bxa8 Nxh1 18. Bf3 e5 19. Be3 f5 20. Bd5+ Kh8 21. Rxh1 e4 22. Bf4 Bf6 23. Bc7 Bd8 24. Bd6 1-0

[Event "London Classic op 11th"]
[Site "London"]
[Date "2019.11.30"]
[Round "3"]
[White "Vaishali, Ramesh Babu"]
[Black "Eche, Sylvain"]
[Result "1-0"]
[WhiteElo "2376"]
[BlackElo "2054"]
[PlyCount "79"]
[EventDate "2019.11.29"]
[EventType "swiss"]
[EventRounds "9"]
[EventCountry "ENG"]
[SourceTitle "CBM 193 Extra"]
[Source "ChessBase"]
[SourceDate "2020.01.31"]
[SourceVersion "1"]
[SourceVersionDate "2020.01.31"]
[SourceQuality "1"]

1. e4 c5 2. d4 cxd4 3. c3 Nf6 4. e5 Nd5 5. Nf3 Nc6 6. cxd4 d6 7. Bc4 Nb6 8. Bb3 Bf5 9. e6 fxe6 10. 0-0 Qd7 11. Re1 d5 12. Nc3 g6 13. Bf4 Bg7 14. Ne5 Nxe5 15. Bxe5 Bxe5 16. Rxe5 h5 17. Na4 Nxa4 18. Bxa4 b5 19. Bb3 Kf7 20. Qf3 Kg7 21. Rae1 Rae8 22. h4 a5 23. Qg3 a4 24. Bd1 Ref8 25. Be2 Rf6 26. Qc3 Rc8 27. Qb4 Rc2 28. Bxb5 Qb7 29. a3 Rf7 30. R5e2 Qc7 31. Rxc2 Bxc2 32. Qd2 Qb6 33. Qxc2 Qxb5 34. Rxe6 Rf6 35. Rxe7+ Rf7 36. Re6 Kf8 37. Qxg6 Rxf2 38. Qh6+ Kg8 39. Rg6+ Kf7 40. Rg7+ 1-0

[Event "FRA-chT1B 0809"]
[Site "France"]
[Date "2009.02.07"]
[Round "6.6"]
[White "Godard, Maxence"]
[Black "Eche, Sylvain"]
[Result "1/2-1/2"]
[WhiteElo "2336"]
[BlackElo "2198"]
[PlyCount "91"]
[EventDate "2008.10.19"]
[EventType "team-tourn"]
[EventRounds "11"]
[EventCountry "FRA"]
[SourceTitle "EXT 2010"]
[Source "ChessBase"]
[SourceDate "2010.11.25"]
[SourceVersion "1"]
[SourceVersionDate "2010.11.25"]
[SourceQuality "1"]
[WhiteTeam "Deauville"]
[BlackTeam "Club 608"]
[WhiteTeamCountry "FRA"]
[BlackTeamCountry "FRA"]

1. d4 Nf6 2. c4 e6 3. Nf3 Bb4+ 4. Bd2 Qe7 5. g3 Ne4 6. Bg2 Nxd2 7. Nbxd2 c5 8. a3 Bxd2+ 9. Qxd2 0-0 10. 0-0 d6 11. b4 Nd7 12. Rfc1 Rb8 13. a4 b6 14. a5 Bb7 15. axb6 axb6 16. Ra7 Rfd8 17. d5 exd5 18. Nh4 Qf6 19. cxd5 Re8 20. Bh3 Ne5 21. f4 Ng6 22. Nf3 Qe7 23. Re1 Qe4 24. Ng5 Qc4 25. Bg2 h6 26. Nh3 cxb4 27. Nf2 b3 28. e4 Rec8 29. Rb1 Qc2 30. Qd1 Rc3 31. Ra3 Ra8 32. Raxb3 Qxd1+ 33. Nxd1 Rxb3 34. Rxb3 Ra1 35. Bf3 f5 36. Rxb6 fxe4 37. Bh5 Bxd5 38. Rxd6 Bf7 39. Kf2 Nf8 40. Be2 Kh7 41. Nc3 Bg6 42. g4 Rc1 43. Nd5 Bf7 44. f5 Rc5 45. Ne3 Rc7 46. Kg3 1/2-1/2

[Event "FRA-chT1B 0809"]
[Site "France"]
[Date "2008.12.14"]
[Round "5.4"]
[White "Eche, Sylvain"]
[Black "Bafounta, Denis"]
[Result "0-1"]
[WhiteElo "2198"]
[BlackElo "2280"]
[PlyCount "106"]
[EventDate "2008.10.19"]
[EventType "team-tourn"]
[EventRounds "11"]
[EventCountry "FRA"]
[SourceTitle "EXT 2010"]
[Source "ChessBase"]
[SourceDate "2010.11.25"]
[SourceVersion "1"]
[SourceVersionDate "2010.11.25"]
[SourceQuality "1"]
[WhiteTeam "Club 608"]
[BlackTeam "Rueil Malmaison"]
[WhiteTeamCountry "FRA"]
[BlackTeamCountry "FRA"]

1. e4 c5 2. Nc3 Nc6 3. g3 g6 4. Bg2 Bg7 5. d3 d6 6. Nge2 e6 7. Be3 Rb8 8. Qd2 Nd4 9. Nc1 Ne7 10. Nd1 e5 11. c3 Ne6 12. Ne2 0-0 13. Bh6 f5 14. Bxg7 Kxg7 15. exf5 gxf5 16. f4 exf4 17. Nxf4 Nxf4 18. Qxf4 Ng6 19. Qf2 Qe8+ 20. Kd2 b6 21. Re1 Qb5 22. Kc2 Bb7 23. Ne3 f4 24. Nc4 f3 25. Bh3 Rbd8 26. Re6 Bc8 27. Rxg6+ hxg6 28. Bxc8 d5 29. Be6 dxc4 30. Bxc4 Qd7 31. a4 Rde8 32. Bb5 Re2+ 33. Qxe2 fxe2 34. Bxd7 Rf1 35. Bg4 Rxa1 36. Bxe2 Rh1 37. h4 Rh3 38. g4 Rxh4 39. d4 cxd4 40. cxd4 Rh2 41. Kd3 Kf6 42. b4 Kg5 43. d5 Kf6 44. Bd1 Ke5 45. Kc4 Rd2 46. Bf3 Rd4+ 47. Kb5 Rf4 48. Bh1 Kd6 49. a5 Rxg4 50. axb6 axb6 51. Bf3 Rf4 52. Bg2 g5 53. Bh1 g4 0-1

[Event "FRA-chT1B 0809"]
[Site "France"]
[Date "2008.11.22"]
[Round "2.5"]
[White "Eche, Sylvain"]
[Black "Alet, Jean Pierre"]
[Result "0-1"]
[WhiteElo "2198"]
[BlackElo "2179"]
[PlyCount "86"]
[EventDate "2008.10.19"]
[EventType "team-tourn"]
[EventRounds "11"]
[EventCountry "FRA"]
[SourceTitle "EXT 2010"]
[Source "ChessBase"]
[SourceDate "2010.11.25"]
[SourceVersion "1"]
[SourceVersionDate "2010.11.25"]
[SourceQuality "1"]
[WhiteTeam "Club 608"]
[BlackTeam "Niort"]
[WhiteTeamCountry "FRA"]
[BlackTeamCountry "FRA"]

1. e4 Nf6 2. e5 Nd5 3. c4 Nb6 4. d4 d6 5. exd6 exd6 6. Nc3 Be7 7. Be3 0-0 8. Rc1 Re8 9. Be2 Bg5 10. Qd3 d5 11. cxd5 Bxe3 12. fxe3 Nxd5 13. Nxd5 Qxd5 14. Rxc7 Nc6 15. Nf3 Qa5+ 16. Qc3 Qxc7 17. d5 Qa5 18. dxc6 Qxc3+ 19. bxc3 bxc6 20. Kf2 Rb8 21. Rd1 Rb2 22. Rd2 Rxd2 23. Nxd2 Be6 24. a4 Rb8 25. Bf3 Rb2 26. Ke1 Bd5 27. e4 Be6 28. c4 Ra2 29. e5 Bd7 30. Bd1 c5 31. a5 Be6 32. Be2 Rxa5 33. Nb3 Ra6 34. Nxc5 Ra5 35. Nxe6 fxe6 36. Bf3 Rc5 37. Be2 Rxe5 38. Kd2 Rxe2+ 39. Kxe2 Kf7 40. Kd3 Ke7 41. c5 Kd7 42. Ke4 a5 43. Ke5 a4 0-1

[Event "FRA-chT2 Nord 0708"]
[Site "France"]
[Date "2008.04.06"]
[Round "11.5"]
[White "Eche, Sylvain"]
[Black "Faure, Stephane"]
[Result "1-0"]
[WhiteElo "2208"]
[BlackElo "2153"]
[PlyCount "95"]
[EventDate "2007.10.21"]
[EventType "team"]
[EventRounds "11"]
[EventCountry "FRA"]
[SourceTitle "EXT 2009"]
[Source "ChessBase"]
[SourceDate "2008.11.26"]
[SourceVersion "1"]
[SourceVersionDate "2008.11.26"]
[SourceQuality "1"]
[WhiteTeam "Club 608"]
[BlackTeam "Lille"]
[WhiteTeamCountry "FRA"]
[BlackTeamCountry "FRA"]

1. e4 c5 2. Nc3 d6 3. g3 Nc6 4. Bg2 g6 5. d3 Bg7 6. Nge2 Bg4 7. h3 Bd7 8. Be3 Qc8 9. f4 b5 10. Qd2 b4 11. Nd1 Rb8 12. Rc1 h5 13. c3 Qa6 14. d4 bxc3 15. Ndxc3 cxd4 16. Nxd4 Nb4 17. Bf1 Qb7 18. a3 Nc6 19. b4 Nf6 20. Bg2 Nxd4 21. Qxd4 0-0 22. 0-0 Ng4 23. e5 dxe5 24. Qd2 Qa6 25. hxg4 Bxg4 26. Nb1 Rbd8 27. Qf2 exf4 28. gxf4 e5 29. Bc5 exf4 30. Qxf4 Rfe8 31. Qxf7+ Kh7 32. Rce1 Re2 33. Rxe2 Qxe2 34. Qxa7 h4 35. Qe7 h3 36. Qh4+ Bh5 37. Qxh3 Rd3 38. Qh4 Rd1 39. Qf2 Qd3 40. Rxd1 Qxd1+ 41. Qf1 Bd4+ 42. Bxd4 Qxd4+ 43. Kh2 g5 44. Qf5+ Bg6 45. Qh3+ Kg8 46. Nc3 Qf4+ 47. Qg3 Qc1 48. a4 1-0

[Event "FRA-chT2 Nord 0708"]
[Site "France"]
[Date "2008.03.16"]
[Round "9.5"]
[White "Eche, Sylvain"]
[Black "Moncaubeig, Bruno"]
[Result "1-0"]
[WhiteElo "2186"]
[BlackElo "2136"]
[PlyCount "59"]
[EventDate "2007.10.21"]
[EventType "team"]
[EventRounds "11"]
[EventCountry "FRA"]
[SourceTitle "EXT 2009"]
[Source "ChessBase"]
[SourceDate "2008.11.26"]
[SourceVersion "1"]
[SourceVersionDate "2008.11.26"]
[SourceQuality "1"]
[WhiteTeam "Club 608"]
[BlackTeam "Franconville"]
[WhiteTeamCountry "FRA"]
[BlackTeamCountry "FRA"]

1. e4 e5 2. Nf3 Nc6 3. d4 exd4 4. Bc4 Nf6 5. e5 d5 6. Bb5 Ne4 7. Nxd4 Bd7 8. Bxc6 bxc6 9. 0-0 Qh4 10. Be3 Be7 11. f3 Ng5 12. f4 Ne4 13. Nd2 Bg4 14. N2f3 Qh6 15. Qd3 c5 16. Nb5 Qc6 17. Nxc7+ Qxc7 18. Qxd5 Rb8 19. Qxe4 Rxb2 20. f5 Rb4 21. c4 Bxf3 22. Rxf3 Qb7 23. Qg4 g6 24. f6 h5 25. Qf4 Bf8 26. e6 Bh6 27. Qe5 Bxe3+ 28. Rxe3 Rb2 29. exf7+ Kxf7 30. Qe6+ 1-0

[Event "FRA-chT2 Nord 0708"]
[Site "France"]
[Date "2008.01.20"]
[Round "6.5"]
[White "Eche, Sylvain"]
[Black "Tupet, Guillaume"]
[Result "1-0"]
[WhiteElo "2186"]
[BlackElo "2051"]
[PlyCount "119"]
[EventDate "2007.10.21"]
[EventType "team"]
[EventRounds "11"]
[EventCountry "FRA"]
[SourceTitle "EXT 2009"]
[Source "ChessBase"]
[SourceDate "2008.11.26"]
[SourceVersion "1"]
[SourceVersionDate "2008.11.26"]
[SourceQuality "1"]
[WhiteTeam "Club 608"]
[BlackTeam "Neuville en Ferrain"]
[WhiteTeamCountry "FRA"]
[BlackTeamCountry "FRA"]

1. e4 c5 2. Nc3 Nc6 3. g3 g6 4. Bg2 Bg7 5. d3 d6 6. Nge2 e6 7. Be3 Nd4 8. Qd2 Rb8 9. Nc1 Ne7 10. Nd1 b6 11. c3 Ndc6 12. Bh6 Bxh6 13. Qxh6 Ng8 14. Qd2 Nge7 15. 0-0 0-0 16. Ne3 d5 17. Ng4 dxe4 18. Nf6+ Kg7 19. Nxe4 Bb7 20. Ne2 Qd7 21. Rad1 Rbd8 22. h4 h6 23. g4 Ne5 24. Qf4 Nxd3 25. Qf6+ Kh7 26. c4 Ng8 27. Qc3 f5 28. Nxc5 bxc5 29. Bxb7 Qxb7 30. Rxd3 Qe4 31. Re3 Qxg4+ 32. Kh2 Nf6 33. Rxe6 Qxh4+ 34. Qh3 Qxh3+ 35. Kxh3 Rde8 36. Nf4 g5 37. Rxe8 Rxe8 38. Nd3 Re2 39. Re1 Rxe1 40. Nxe1 Ne4 41. Nd3 Kg6 42. b3 Kf6 43. f3 Nc3 44. a4 Nb1 45. Nxc5 Nd2 46. Kg2 Ke7 47. Kf2 Kd6 48. Nb7+ Kc7 49. Na5 h5 50. b4 h4 51. c5 Kd7 52. b5 h3 53. Nc6 h2 54. Kg2 Nxf3 55. Nxa7 Nd4 56. b6 f4 57. Kxh2 g4 58. a5 Ne6 59. c6+ Kd6 60. a6 1-0

[Event "Paris Apsap op 74th"]
[Site "Paris"]
[Date "2004.08.11"]
[Round "4"]
[White "Bagheri, Amir"]
[Black "Eche, Sylvain"]
[Result "1-0"]
[WhiteElo "2491"]
[BlackElo "2139"]
[PlyCount "127"]
[EventDate "2004.08.??"]
[EventType "swiss"]
[EventRounds "9"]
[EventCountry "FRA"]
[SourceTitle "EXT 2005"]
[Source "ChessBase"]
[SourceDate "2004.11.15"]
[SourceVersion "1"]
[SourceVersionDate "2004.11.15"]
[SourceQuality "1"]

1. d4 d5 2. Nf3 Nf6 3. c4 c6 4. e3 a6 5. Nc3 b5 6. b3 Bg4 7. Be2 e6 8. 0-0 Nbd7 9. h3 Bh5 10. Bb2 Be7 11. Ne5 Bxe2 12. Nxe2 Nxe5 13. dxe5 Nd7 14. Nd4 Rc8 15. cxb5 axb5 16. a4 bxa4 17. bxa4 c5 18. Nb5 Nb6 19. a5 Nc4 20. Bc3 0-0 21. Ra4 Rb8 22. Qb3 f6 23. a6 fxe5 24. a7 Ra8 25. Rxc4 dxc4 26. Qxc4 Qd5 27. Qa4 Qc6 28. Bxe5 c4 29. Rc1 Rfc8 30. Bb8 Rcxb8 31. axb8Q+ Rxb8 32. Nc3 Qxa4 33. Nxa4 Rb4 34. Nc3 Rb8 35. Ne4 Rc8 36. Rc2 Kf7 37. f4 Kg6 38. Kf2 h6 39. Ke2 Kf5 40. Nd2 c3 41. g4+ Kg6 42. Ne4 Bb4 43. Kd3 Rd8+ 44. Kc4 Rd2 45. Rxd2 cxd2 46. Nf2 Ba5 47. Kd3 Kf7 48. Ke2 Bc3 49. Ne4 Bb2 50. Nxd2 Ba1 51. Nc4 Bc3 52. Kd3 Ba1 53. Nd6+ Ke7 54. Ne4 Kf7 55. Kc2 g6 56. Kb3 Bg7 57. Kc4 Bb2 58. Kc5 Bc1 59. Nd6+ Ke7 60. Nc4 Kd7 61. Kd4 Kc6 62. h4 Kb5 63. g5 hxg5 64. fxg5 1-0

[Event "FRA-chT2 0304"]
[Site "France"]
[Date "2004.04.04"]
[Round "11"]
[White "Clery, Nicolas"]
[Black "Eche, Sylvain"]
[Result "1-0"]
[WhiteElo "2307"]
[BlackElo "2139"]
[PlyCount "59"]
[EventDate "2003.10.??"]
[EventType "team"]
[EventRounds "11"]
[EventCountry "FRA"]
[SourceTitle "EXT 2005"]
[Source "ChessBase"]
[SourceDate "2004.11.15"]
[SourceVersion "1"]
[SourceVersionDate "2004.11.15"]
[SourceQuality "1"]

1. d4 d5 2. c4 c6 3. Nf3 Nf6 4. Nc3 a6 5. e3 b5 6. b3 Bg4 7. Be2 e6 8. 0-0 Be7 9. Bb2 0-0 10. h3 Bh5 11. Ne5 Bxe2 12. Nxe2 Nfd7 13. Rc1 Qb6 14. cxd5 cxd5 15. Qc2 a5 16. e4 Bg5 17. f4 Nxe5 18. fxg5 Na6 19. a3 Rad8 20. Kh1 Ng6 21. e5 Ne7 22. Ng3 Rc8 23. Qf2 a4 24. Rxc8 Nxc8 25. b4 Qd8 26. Bc1 Nb6 27. Nh5 Nb8 28. Nf6+ gxf6 29. gxf6 Kh8 30. Bh6 1-0

[Event "FRA-chT2 0304"]
[Site "France"]
[Date "2004.02.01"]
[Round "7"]
[White "Marie, Maxime"]
[Black "Eche, Sylvain"]
[Result "0-1"]
[WhiteElo "2087"]
[BlackElo "2139"]
[PlyCount "68"]
[EventDate "2003.10.??"]
[EventType "team"]
[EventRounds "11"]
[EventCountry "FRA"]
[SourceTitle "EXT 2005"]
[Source "ChessBase"]
[SourceDate "2004.11.15"]
[SourceVersion "1"]
[SourceVersionDate "2004.11.15"]
[SourceQuality "1"]

1. e4 c5 2. Nf3 g6 3. d4 cxd4 4. Nxd4 Bg7 5. Nc3 Nc6 6. Nb3 Nf6 7. Be2 0-0 8. 0-0 a5 9. a4 d6 10. Bg5 Bd7 11. Re1 Rc8 12. f4 Nb4 13. Bf3 Qb6+ 14. Kh1 Be6 15. Ra3 Rfe8 16. h3 Nd7 17. Qd2 Rc7 18. g4 Bc4 19. Bh4 Qa6 20. Nc1 Nb6 21. Bf2 Be6 22. Bxb6 Qxb6 23. Nd3 Rec8 24. Bd1 d5 25. exd5 Nxd5 26. Ne4 Nb4 27. Ndf2 Nxc2 28. Rd3 Nxe1 29. Qxe1 Qxb2 30. Ng5 Qb6 31. Re3 Bd5+ 32. Kh2 Bd4 33. Rxe7 Rxe7 34. Qxe7 Bxf2 0-1

[Event "Arthur Andersen Trophy 12th"]
[Site "Neuilly"]
[Date "2002.05.25"]
[Round "7"]
[White "Eche, Sylvain"]
[Black "Bedouin, Xavier"]
[Result "0-1"]
[WhiteElo "2121"]
[BlackElo "2160"]
[PlyCount "96"]
[EventDate "2002.04.??"]
[EventType "swiss (rapid)"]
[EventRounds "7"]
[EventCountry "FRA"]
[SourceTitle "EXT 2005"]
[Source "ChessBase"]
[SourceDate "2004.11.15"]
[SourceVersion "1"]
[SourceVersionDate "2004.11.15"]
[SourceQuality "1"]

1. e4 c5 2. Nc3 Nc6 3. g3 g6 4. d3 Bg7 5. Be3 d6 6. Bg2 Rb8 7. Qd2 b5 8. f4 b4 9. Nd1 e6 10. Nf3 Nd4 11. 0-0 Ne7 12. c3 bxc3 13. bxc3 Nxf3+ 14. Bxf3 0-0 15. d4 Ba6 16. Be2 Bxe2 17. Qxe2 cxd4 18. cxd4 d5 19. e5 Qa5 20. Bd2 Qb6 21. Qd3 Rfc8 22. Nc3 Nf5 23. Ne2 Rc4 24. Rab1 Qc7 25. Rxb8+ Qxb8 26. g4 Ne7 27. Ng3 Qb2 28. Rb1 Qxd4+ 29. Qxd4 Rxd4 30. Rb8+ Bf8 31. Bb4 Rd1+ 32. Kf2 Rb1 33. f5 a5 34. Bd6 Rxb8 35. Bxb8 gxf5 36. gxf5 Nxf5 37. Nxf5 exf5 38. Ke3 Bc5+ 39. Kd3 Kf8 40. a4 Ke7 41. Bc7 Bb4 42. Kd4 f4 43. Kxd5 f3 44. Bb6 Be1 45. Kc4 f2 46. Bc5+ Ke6 47. Bxf2 Bxf2 48. Kb5 Be1 0-1